समकालीन संस्कृत साहित्य की दिशा / (Record no. 212482)

MARC details
000 -LEADER
fixed length control field 00918nam a22001937a 4500
005 - DATE AND TIME OF LATEST TRANSACTION
control field 20250723112400.0
010 ## - LCCN (DPL NO)
LC control number HIN-129923
020 ## - INTERNATIONAL STANDARD BOOK NUMBER
International Standard Book Number 9788195392643
Terms of availability 350.00
035 ## - SYSTEM CONTROL NUMBER
System control number HN-102269
037 ## - SOURCE OF ACQUISITION
Source of stock number/acquisition DBAD/PUB
082 ## - DEWEY DECIMAL CLASSIFICATION NUMBER
Classification number 410.202
100 ## - MAIN ENTRY--PERSONAL NAME
Personal name पण्डया प्रवीण
245 ## - TITLE STATEMENT
Title समकालीन संस्कृत साहित्य की दिशा /
Statement of responsibility, etc प्रवीण पण्डय
246 ## - VARYING FORM OF TITLE
Title proper/short title
260 ## - PUBLICATION, DISTRIBUTION, ETC. (IMPRINT)
Place of publication, distribution, etc जयपुर
Name of publisher, distributor, etc राष्ट्रीय संस्कृत साहित्य केन्द्र
270 ## - ADDRESS
Address 222 सरस्वती सदन, बिहारीजी की गली, सौखियो का रास्ता, किशनपोल बाजार, जयपुर- 302001
300 ## - PHYSICAL DESCRIPTION
Extent 120पृ.
Other physical details 21.7सेमी (सजिल्द)
942 ## - ADDED ENTRY ELEMENTS (KOHA)
Source of classification or shelving scheme Dewey Decimal Classification
Item type Hindi Books
Classification part 410.202
Call number suffix पण्डय
Holdings
Withdrawn status Lost status Not for loan Collection code Home library Current library Date acquired Source of acquisition Cost, normal purchase price Full call number Barcode Copy number Cost, replacement price Koha item type
      Non-fiction Central Library Central Library 23/07/2025 DBAD 350.00 410.202 पण्डय HN-102269 1 350.00 Hindi Books

© Delhi Public Library
Hit Counter
free hit counter